| 000 | 02928nam a2200361 a 4500 | ||
|---|---|---|---|
| 001 | 000012773 | ||
| 003 | DO-SdBNP | ||
| 005 | 20160525113205.0 | ||
| 007 | 000012773 | ||
| 008 | 091117s2014 dr ac 000 0 spa d | ||
| 020 | _a9789945118315 (v. 1) | ||
| 020 | _a9789945118322 (v. 2) | ||
| 020 | _a9789945118339 (v. 3) | ||
| 020 | _a9789945118094 (v. 4) | ||
| 040 |
_aBPMSU _bspa _cBPMSU |
||
| 092 |
_axxxx _bxxxx |
||
| 100 | 1 | _aIncháustegui, María Isabel | |
| 245 | 1 | 0 |
_aLengua y literatura : _beducación media / _cMaría Isabel Incháustegui (dominicana) ; ilustración Ruddy Núñez, José Amado Polanco y Tulio Matos. |
| 260 |
_aSanto Domingo : _bSantillana, _c2014. |
||
| 300 |
_av. : _bil., retrs. ; _c28 cm. |
||
| 490 | 1 | _aInnova | |
| 500 | _aEste libro ha sido realizado de conformidad con el currículum vigente y ha sido sometido a la aprobación del MINERD. | ||
| 505 | 0 |
_gv. 1 _gPrimer de bachillerato 1er. grado/ 1er. Ciclo _tCrear y recrear mundos imaginarios -- _tOrgullo de mi tierra -- _tVan Gogh: los últimos paisajes -- _tUn retrato sorprendente -- _tPasarla bien: ¿radiografía de nuestro tiempo? -- _tEl poder de la palabra -- _tÁrboles que florecen en nuestro país -- _tNuestros océanos. Oportunidades y desafios _tDiálogos en los medios -- _tMedios masivos: constructores de realidad -- _gv. 2 _gSegundo de bachillerato 2do. grado /1er. Ciclo -- _tAmo, luego existo -- _tLecciones ambientales del pasado -- _tUn proyecto de nación -- _t¿Podrá Marte sustentar la vida? -- _tPersonajes: ¿reales o ficticios? -- _tSí se puede -- _tLleva tu biblioteca en el bolsillo -- _tLa seguridad vial, un problema de todos -- _tEl reality show -- _tEstilos de vida saludables -- _gv. 3 _gtercer de bachillerato 1er. grado/ 2do. Ciclo -- _tAmerica: nuestra magna patria -- _tHagamos un pacto: respetemos la vida -- _tConflictos sobre el escenario -- _tEsas maravillosas partíiculas -- _tTestigos de excepcion -- _t¡Un donante podría salvar tu vida! -- _tMundos desbordantes de imaginación -- _tVesos, estrofas y poemas -- _tLa moral social -- _tEntre dictaduras y resoluciones -- _gv. 4 _gCuarto de bachillerato 2do grado/2do. ciclo / _tGuía didáctica -- _tEmulemos a Duarte -- _tPublicidad a través de tabletas -- _tCuando quien narra es mujer -- _tLeer un libro: en el nombre de Salomé -- _tJoyas que están desapareciendo -- _tGestión de riesgos sísmicos -- _tPoesía y contexto -- _tEl espíritu emprendedor -- _tLeer un libro: Pedro Páramo -- _tLa revolución en la biología -- _tReflexiones sobre nuestra historia -- _tMedios que crean opinión -- _tLiteratura universal -- |
|
| 700 | 1 | 2 |
_aNúñez, Ruddy, _eil. |
| 700 | 1 | 2 |
_aPolanco, José Amado, _eil. |
| 700 | 1 | 2 |
_aMatos, Tulio, _eil. |
| 830 | 0 | _aInnova | |
| 930 | 1 |
_lBND01 _mLF1 _820091117 _f01 _pCT _g7732 |
|
| 942 |
_2ddc _cBK |
||
| 956 |
_aDGARCIA _b10 _c20150807 _lBND01 _h0943 |
||
| 956 |
_aLOPEREZ _b10 _c20150811 _lBND01 _h1148 |
||
| 956 |
_aVMATEO _b10 _c201508 _lBPMSU _h00151 |
||
| 999 |
_c8192 _d8192 |
||